书目信息 |
| 题名: |
天线测量手册
|
|
| 作者: | 毛乃宏 , 俱新德 , 郭渭盛 编著 | |
| 分册: | ||
| 出版信息: | 北京 国防工业出版社 1987 |
|
| 页数: | 357页 | |
| 开本: | 26cm | |
| 丛书名: | ||
| 单 册: | ||
| 中图分类: | TN82 | |
| 科图分类: | ||
| 主题词: | 天线 | |
| 电子资源: | ||
| ISBN: | ||
| 000 | 00699nam0 2200265 45 | |
| 001 | 0187006309 | |
| 005 | 20040914092529.5 | |
| 010 | @dCNY5.15 | |
| 091 | @a15034.3194 | |
| 100 | @a19900830d1987 em y0chiy0121 ea | |
| 101 | 0 | @achi |
| 102 | @aCN@b110000 | |
| 105 | @ay z 000yy | |
| 106 | @ar | |
| 200 | 10 | @a天线测量手册@Atian xian ce liang shou ce@f毛乃宏等编著 |
| 210 | @a北京@c国防工业出版社@d1987 | |
| 215 | @a357页@d26cm | |
| 606 | 0 | @a天线 |
| 690 | @aTN82 | |
| 701 | 0 | @a毛乃宏@Amao nai hong@4编著 |
| 701 | 0 | @a俱新德@Aju xin de@4编著 |
| 701 | 0 | @a郭渭盛@Aguo wei sheng@4编著 |
| 801 | 0 | @aCN@b深圳图书馆@c20040914 |
| 801 | 2 | @aCN@bNLC@c20040914 |
| 905 | @f1@b204624@dTN82@e11 | |
| 天线测量手册/毛乃宏等编著.-北京:国防工业出版社,1987 |
| 357页;26cm |
| ISBN :CNY5.15 |
| ● |
| 相关链接 |
|
|
|
|
正题名:天线测量手册
索取号:TN82/11
 
预约/预借
| 序号 | 登录号 | 条形码 | 馆藏地/架位号 | 状态 | 备注 |
| 1 | 0204624 | 001321723 | 第三借阅区/ [索取号:TN82/11] | 在馆 | |
| 2 | 0204625 | 000560468 | 第二样本阅览室/ [索取号:TN82/11] | 在馆 |